[Event "World Cup"]
[Site "Reykjavik"]
[Date "1991.??.??"]
[Round "1"]
[White "Ljubojevic, Ljubomir"]
[Black "Timman, Jan H"]
[Result "1-0"]
[WhiteElo "2600"]
[BlackElo "2630"]
[Annotator "Salov,V"]
[PlyCount "63"]
[EventDate "1991.09.??"]
[EventType "tourn"]
[EventRounds "15"]
[EventCountry "ISL"]
[EventCategory "16"]
[SourceTitle "CBM 026"]
[Source "ChessBase"]
[SourceDate "1992.02.01"]
[SourceVersion "1"]
[SourceVersionDate "1992.02.01"]
[SourceQuality "1"]

1. d4 {Ernst Ftacnik} Nf6 2. Nf3 e6 3. c4 d5 4. Nc3 dxc4 5. e4 Bb4 6. Bg5 c5 7.
Bxc4 cxd4 8. Nxd4 Bxc3+ 9. bxc3 Qa5 10. Bb5+ Nbd7 11. Bxf6 Qxc3+ 12. Ke2 $5 {TN
} (12. Kf1 gxf6 13. h4 $1 (13. Nxe6 $2 Qe5 $1 14. Nd4 (14. Ng7+ Kf8 15. Nf5
Qxb5+ 16. Kg1 Qe5 17. h4 Rg8 $19 {Lobron,E-Polgar,Zsu,Dortmund 1990}) 14... O-O
15. Rc1 Nb6 $17) (13. Rc1 Qb4 14. h4 a6 $1 (14... e5 {Ftacnik} 15. Rc4 Qd6 16.
Rh3 exd4 17. Rxd4 Qe6 18. Rhd3 Qxa2 19. e5 fxe5 20. Bxd7+ Bxd7 21. Rxd7 O-O $13
{Smejkal,J-Fauland/Novi Sad ol/1990/}) 15. Be2 (15. Ba4 Ke7 16. Rh3 Nc5 17. Bb3
Bd7 18. Rc4 Qa5 19. Qc2 Rac8 20. Rhc3 b6 21. a4 Rhd8 $17 {Nikolic-Gelfand,
Sarajevo(m/4)1991}) 15... O-O {- ,Smejkal-Chernin,Altensteig 1990} (15... Ne5
16. Rh3 O-O 17. Nf3 Nxf3 18. Rxf3 e5 19. Rc4 Qb2 $4 20. Rb3 Qxa2 21. Ra4 {
1-0,Campos-Martin Gonzalez,Barcelona Vulca 1991}) 16. Rh3 Kh8 17. Rg3 Rg8 18.
Rcc3 Ne5 19. Rxg8+ Kxg8 20. Rg3+ $44 {Wegner-Khalifman,Hamburg 1991}) (13. Nf5
exf5 (13... Qe5 14. Nd6+ Kf8 15. g3 Ke7 $5 16. Nxc8+ Rhxc8 17. Qxd7+ Kf8 $44 {
Zueger-Costa,Bern 1991}) 14. Rc1 Qb2 15. Rxc8+ Rxc8 16. Qxd7+ Kf8 17. Qxc8+ Kg7
18. Qxf5 Qc1+ 19. Ke2 Qxh1 20. e5 Qxg2 (20... fxe5 $4 21. Qg5+ Kf8 22. Qf6 Rg8
23. Bc4 $18) 21. Qxf6+ Kg8 $10) 13... a6 $1 (13... Ke7 14. Rh3 Qa5 15. Rb1 Rd8
16. Qc1 Ne5 17. Qc5+ $1 (17. f4 Rxd4 18. Qc5+ Rd6 19. fxe5 fxe5 20. Qxe5 Bd7
21. Qg5+ $40 {Lobron-Yudasin,Munich 1991}) 17... Rd6 18. Rd1 $1 Qb6 19. Nc6+ $1
bxc6 20. Qxd6+ Ke8 21. Rg3 Qxb5+ 22. Kg1 {1-0,Adorjan-Chernin,Debrecen 1990})
14. Rh3 $1 Qa5 15. Be2 Nc5 16. Nb3 Nxb3 17. Qxb3 Qc7 18. Rd1 Bd7 19. Qb2 O-O-O
$6 (19... e5 $142) 20. Rc1 Bc6 21. Bxa6 $16 {Akopian-Horvath,C,Niksic 1991})
12... gxf6 $6 (12... Qb2+ $5 13. Kf1 (13. Kf3 {Ftacnik} Qc3+) 13... gxf6 $13)
13. Rc1 Qb4 $8 (13... Qa5 $4 14. Rxc8+ Rxc8 15. Bxd7+ Kxd7 16. Nb3+ $18) 14.
Rc4 Qe7 (14... Qd6 $2 15. Nb3 $1 (15. Qc2 {Ftacnik} O-O 16. Rd1 $16) (15. Qc1 {
Ernst} O-O 16. Rd1 Ne5 $13) 15... Qe7 $8 16. Nc5 a6 17. Bxd7+ Bxd7 18. Qxd7+
Qxd7 19. Nxd7 Kxd7 20. Rd1+ Ke8 21. Rc7 Rd8 22. Rxd8+ Kxd8 23. Rxb7 $18) 15.
Qc1 O-O 16. Rc7 (16. Rd1 {Ftacnik} Ne5 17. Rc7 Qb4 $132) (16. Qh6 {Ftacnik} Kh8
17. Rc3 Rg8) 16... a6 (16... Qd6 $142 $5 17. Rd1 Ne5) 17. Ba4 Qd6 (17... b5 {
Ftacnik} 18. Qc6 Rb8 19. Bb3 $16) 18. Rd1 Ne5 (18... Nb6 {Ftacnik} 19. Rc3 Nxa4
20. Rg3+ Qxg3 21. hxg3 $18) 19. Nf5 Qb4 (19... Qxd1+ 20. Qxd1 exf5 21. f4 Ng6 (
21... fxe4 22. Rxc8 Raxc8 23. fxe5 $18) 22. g3 fxe4 23. Qd4 $16) (19... Qb6 {
Ftacnik} 20. Ne7+ Kg7 21. Nxc8 $18) 20. Rd4 Qb6 21. Ne7+ Kg7 (21... Kh8 {Ernst}
22. Qh6) 22. Qc3 Ng6 (22... Nc6 23. Qg3+ Kh8 24. Nxc6 bxc6 25. Qd6 $18 (25. Qd6
{Ernst} Bb7 26. Rb4)) (22... Rb8 {Ftacnik} 23. Rd2 $18) 23. Nxg6 (23. Nxc8 $2 {
Ftacnik} Raxc8 24. Rxc8 Rxc8 25. Qxc8 Qxd4 $19) 23... hxg6 24. e5 $1 (24. Rdc4
Qb1 (24... Qd6 {Ftacnik} 25. Rxc8 b5 26. Rxa8 Rxa8 27. Rc6 Qxh2 28. Bc2 Qxg2
$14) 25. Bc2 Qb5 (25... Qxa2 26. Ra4 $18)) 24... fxe5 $2 (24... f5 25. h4 $16 (
25. Rdc4 Qb1 26. Bc2 Qxa2 27. Rxc8 Raxc8 28. Rxc8 Rxc8 29. Qxc8 Qd5 $13) (25.
Rdc4 $18 {Ftacnik})) 25. Rd3 $1 $18 Kg8 (25... Qb1 {Ftacnik} 26. Qxe5+ Kg8 27.
Rh3 f6 28. Qe3 Qxa2+ 29. Bc2 Rf7 30. Qh6 $18) 26. Qxe5 Qb4 27. Rh3 f6 28. Qe3 {
P h3-h8} (28. Rhh7 Rf7 $1) 28... Qb2+ (28... Rf7 29. Rh8+ Kxh8 30. Qh6+ Kg8 31.
Qxg6+ Kh8 32. Qh5+ $18) 29. Kf3 g5 (29... Qe5 {Ftacnik} 30. Rg7+ (30. Rh8+ Kxh8
31. Qh6+) 30... Kxg7 31. Qh6+ Kf7 32. Qh7#) 30. Rhh7 Rd8 31. Rcg7+ Kf8 32. Qc5+
1-0

[Event "Skopje Karposh op"]
[Site "Skopje"]
[Date "2013.03.16"]
[Round "9"]
[White "Kozul, Zdenko"]
[Black "Georgiev, Kiril"]
[Result "1-0"]
[WhiteElo "2608"]
[BlackElo "2657"]
[Annotator "Schulz,Andre"]
[PlyCount "129"]
[EventDate "2013.03.09"]
[EventType "swiss"]
[EventRounds "9"]
[EventCountry "MKD"]
[SourceTitle "CBM 153 Extra"]
[Source "ChessBase"]
[SourceDate "2013.04.22"]
[SourceVersion "1"]
[SourceVersionDate "2013.04.22"]
[SourceQuality "1"]

1. d4 Nf6 2. c4 e6 3. Nf3 d5 4. Nc3 dxc4 5. e4 Bb4 6. Bg5 {Das ist die
Ragorin-Variante des Damengambits.} h6 {Eine Spezialvariante von Georgiev.
Kramnik und Ivanchuk haben so vor ein paar Jahren auch gelegentlich gespielt.}
({Häufiger sieht man} 6... c5) 7. Bxf6 Qxf6 8. Bxc4 c5 9. O-O cxd4 10. e5 (10.
Nb5 $5 Qe7 11. Qxd4 O-O 12. Nxa7 Bc5 13. Nxc8 Rxc8 14. Qd3 Nc6 15. Qe2 Nd4 16.
Nxd4 Bxd4 17. Bb3 Qf6 18. Rad1 Bxb2 19. f4 Ba3 20. f5 e5 21. Rd7 Be7 22. Rxb7
Ra7 23. Qb5 Rxb7 24. Qxb7 Rc3 25. Rd1 Bc5+ 26. Kh1 Bd4 27. Rb1 h5 28. Qd7 Bc5
29. Qe8+ Bf8 30. Rd1 Qe7 31. Qxe7 Bxe7 32. g3 Kf8 33. Rd7 Rc6 34. Rb7 g6 35.
fxg6 fxg6 36. Kg2 g5 37. h3 h4 38. a4 Rc3 39. gxh4 gxh4 40. a5 Rg3+ 41. Kh2 Bc5
42. a6 Bg1+ 43. Kh1 Bd4 44. Ba4 Rxh3+ 45. Kg2 Rg3+ 46. Kh2 Rg7 47. Bd7 Bg1+ 48.
Kh1 Bf2 49. a7 {1/2-1/2 (49) Papin,V (2569)-Georgiev,K (2666) Aix-les-Bains
2011}) 10... Qe7 ({Beliebter ist} 10... Qd8 {z.B.:} 11. Ne4 O-O 12. Qe2 Nd7 13.
Rad1 Qb6 14. g4 f6 15. exf6 Nxf6 16. Nxd4 Nd5 17. Nxe6 Bxe6 18. Bxd5 Rae8 19.
Qc4 Kh8 20. Bxe6 Rxe6 21. Qd4 Qb5 22. f3 Ba5 23. Kg2 Bb6 24. Qd2 Ba5 25. Qd7
Qxb2+ 26. Rf2 {Notation endet hier in Bacrot,E (2705)-Pelletier,Y (2604) Nancy
2013, 1-0 (26)} (26. Rf2 Qb6 27. Nd6 Ref6 $11)) 11. Ne4 {Weiß lässt sich mit
dem Wiederschlagen auf d4 Zeit.} Nc6 12. Qe2 O-O 13. a3 Ba5 14. Rad1 Bd7 15. b4
Bc7 16. Nc5 Rfc8 {Ein neuer Zug gegenüber} (16... Bc8 17. Bb5 Bb6 18. Bxc6
bxc6 19. Qc4 Bxc5 20. bxc5 a5 21. Qxd4 Ba6 22. Rfe1 Rfd8 23. Qc3 Rxd1 24. Rxd1
Be2 25. Rd6 Bxf3 26. Qxf3 Qg5 27. g3 Qxe5 28. Rxc6 Rd8 29. Rd6 Rc8 30. Rd7 f5
31. c6 Qc5 32. h4 Qxc6 33. Qxc6 Rxc6 34. Ra7 Rc5 35. Kg2 g6 36. f4 Kf8 37. a4
h5 38. Kf3 e5 39. fxe5 Rxe5 40. Kf2 Rc5 41. Kf3 Rc3+ 42. Kg2 Rc5 43. Kf3 Re5
44. Kf2 Kg8 45. Kf3 {1/2-1/2 (45) Kohlweyer,B (2436)-Georgiev,K (2675)
Benasque 2010}) 17. Qe4 Be8 18. Bd3 g6 19. Qf4 (19. Nxb7 Nxe5 20. Nxe5 Bxe5 21.
Qxe5 Qxb7 22. Be4 Bc6 $11) 19... Kg7 (19... a5 $5 {mit der Idee} 20. Qxh6 axb4
21. Ng5 Bxe5) 20. Rc1 (20. Nxb7 $5) 20... Rab8 21. Ne4 a6 22. Nf6 Bd7 (22...
Nxe5 23. Nxe8+ Rxe8 24. Nxe5 f6 25. Qg3 Bxe5 26. Qxg6+ $16) 23. Ng4 (23. Qe4 $5
) 23... Rh8 24. h4 h5 25. Ngh2 Rbc8 26. Rfe1 f5 27. Nf1 (27. exf6+ $2 Qxf6 28.
Qxf6+ Kxf6 {und nun sieht Weiß den Bauern d4 nicht wieder.}) 27... Rhd8 28.
Ng3 Bb8 29. Ne2 Kh8 30. Qg3 Qg7 31. Nf4 Rg8 32. Bc4 Rce8 ({In Betracht kam} 
32... Bxe5 $5 33. Bxe6 (33. Nxe5 Nxe5 34. Rxe5 b5) 33... Bxf4 34. Qxf4 Bxe6 35.
Rxe6 Rge8 36. Rce1 Rxe6 37. Rxe6 $14) 33. Ba2 Bc8 34. Rcd1 Re7 35. Rc1 Bd7 36.
Qg5 Ree8 37. Nd3 (37. Rxc6 $5 Bxc6 38. Nxd4 Bd7 39. Nfxe6 Bxe6 40. Nxe6 Qe7 (
40... Qh7 41. Qf6+ $18) 41. Qe3 {Mit starker weißer Initiative.}) 37... Kh7
38. Qf4 Kh8 39. Nc5 Bc8 40. Ng5 {Das Thema der Partie, Springer- gegen
Läuferpaar, tritt nun deutlich zutage.} Bxe5 {Nach dieser Abwicklung kommt
Schwarz materiell in Nachteil.} 41. Rxe5 Nxe5 42. Qxe5 Qxe5 43. Nf7+ Kh7 44.
Nxe5 g5 45. Ncd3 ({Natürlicher sieht} 45. hxg5 Rxg5 46. Ncd3 {aus.}) 45...
gxh4 46. Nf4 Re7 47. Kf1 Kh6 48. Bb3 Kg5 49. Nfd3 Kf6 50. Rc4 b5 51. Rxd4 Bb7
52. f3 Bd5 53. Bxd5 exd5 54. Rxd5 Rc8 55. Nd7+ Kg5 56. N7c5 Rc6 57. Ne4+ Kh6
58. Rxf5 Rc2 59. Nf4 Rd7 60. Kg1 Rd1+ 61. Kh2 Ra1 ({Nötig war} 61... Rc6 $18)
62. Rf6+ Kh7 63. Ng5+ (63. Ne6 Kh8 64. N4g5 Rc8 65. Rh6+ Kg8 66. Rg6+ Kh8 67.
Nf7+ Kh7 68. Rg7#) 63... Kg7 64. Nxh5+ Kg8 65. Rf7 1-0

[Event "Rubinstein Memorial 36th"]
[Site "Polanica Zdroj"]
[Date "1999.08.19"]
[Round "3"]
[White "Van Wely, Loek"]
[Black "Rustemov, Alexander"]
[Result "1-0"]
[WhiteElo "2629"]
[BlackElo "2573"]
[Annotator "Van Wely/Cifuentes"]
[PlyCount "119"]
[EventDate "1999.08.17"]
[EventType "tourn"]
[EventRounds "9"]
[EventCountry "POL"]
[EventCategory "15"]
[SourceTitle "CBM 073"]
[Source "ChessBase"]
[SourceDate "1999.12.01"]
[SourceVersion "1"]
[SourceVersionDate "1999.12.01"]
[SourceQuality "1"]

1. d4 {Ftacnik. Ribli} Nf6 2. c4 e6 3. Nf3 d5 4. Nc3 dxc4 5. e4 Bb4 6. Bg5 c5
7. Bxc4 cxd4 8. Nxd4 Bxc3+ 9. bxc3 Qa5 {'Weiß hat Entwicklungsvorteil, aber er
hat strukturelle Schwächen. Nach meiner Meinung ist die ganze Variante
verdächtig für Schwarz, funktioniert aber gut in der Turnierpraxis.'} 10. Bb5+
Bd7 11. Bxf6 gxf6 12. Qb3 a6 13. Be2 {'[#]'} Nc6 14. O-O Qc7 15. Rab1 Na5 16.
Qa3 Rc8 17. c4 {Ftacnik: 'Black doesn't have an easy life, his king can hardly
find a good square for rest. On the other hand white's pawn structure was also
compromised, but at least his king is quite safe.' Ribli: 'Seit der Partie
Khalifman,A - Polgar,J Las Vegas FIDE/K.O. 1999 wird diese Variante wieder
gespielt.'} (17. Rfd1 $1 {Ftacnik} Qc5 $5 (17... Qxc3 $2 18. Qd6 $1 Qc7 19. Nf5
exf5 20. Qxf6 O-O $2 (20... Rg8 $5 21. exf5 $1 (21. Bh5 $6 Bc6 22. Qxf5 (22.
Rd4 Bxe4 23. Rbd1 Nc6 24. Qe6+ Kf8 25. Qh6+ Ke7 26. Rd7+ Qxd7 27. Rxd7+ Kxd7 {
0-1 Shulman,Y-Yakovich,Y/New York 1998/ (59)}) 22... Rg6 $1 $13) 21... Qf4 22.
Bf1 $1 Qxf5 23. Re1+ Kf8 24. Qd6+ Kg7 25. Bd3 $1 Rc6 26. Qd4+ Qf6 27. Qxd7 $16)
21. Rd3 f4 22. Rd5 h6 23. Qxh6 f5 24. Rb6 $1 Bc6 25. Rxa5 Qh7 26. Qxf4 {
1-0 Kasparov,G-Hjartarson,J/Tilburg/1989/ (26)}) 18. Qc1 $1 Qg5 (18... h5 19.
c4 Rc7 20. Nb3 Nxb3 21. axb3 Bc6 22. b4 Qe5 23. f3 h4 24. Qe3 {1-0 Cifuentes
Parada,R-Toth,C/Mar del Plata/1990/ (52)}) 19. Qb2 (19. Qa3 Qc5 20. Qc1 Qg5 21.
Qa3 {1/2-1/2 Levitt,J-Mikhalchishin,A/Groningen/1990/ (21)}) 19... Rg8 20. Bf1
h5 (20... Qc5 21. Qd2 Ba4 22. Nb3 Nxb3 23. axb3 {1/2-1/2 Nickoloff,B-Taylor,G/
CAN/1995/ (23)}) 21. Rd3 Qe5 22. Re1 Rc7 23. Qc1 Nc4 24. Nf5 Kd8 25. Rd4 exf5
26. Bxc4 {1-0 Bagaturov,G-Egiazarian,A/Ashkhabad/1990/ (37)}) 17... Qc5 {
Ribli: 'Die Annahme des Bauern wäre sehr gefährlich für Schwarz. Mit dem
Textzug möchte Schwarz die Damen tauschen und ein sehr bequemes Endspiel
erreichen.'} (17... Nxc4 $6 18. Bxc4 Qxc4 19. Rfd1 Qc3 20. Rb3 $1 (20. Qxc3
Rxc3 21. Rxb7 Bc8 22. Ra7 O-O 23. Ne2 Rc2 24. Nf4 Kg7 25. h3 Rxa2 26. Rd6 Kh6
27. Rc6 Kg5 28. g3 e5 29. Nd5 Be6 30. Raxa6 {1/2-1/2 Eingorn,V-Yudasin,L/
Moscow 1988/URS-ch (30)}) (20. Nb3 Rg8 $1 21. Kh1 Bc6 22. Rbc1 Qh3 $13) 20...
Qc7 21. Rbd3 e5 (21... Rg8) 22. Nf5 Bxf5 23. exf5 Rg8 24. h3 Qc6 25. g3 $44) (
17... Nc6 {Ribli}) 18. Qc3 Ke7 $1 $146 {[#] '!?' Ribli. Ribli: 'Dieser Zug ist
eine wichtige theoretische Verbesserung. Der schwarze König steht nicht so
schlecht in der Mitte und die Türme sind verbunden.'} (18... e5 19. Nb3 Nxb3
20. axb3 a5 21. Rfd1 Be6 22. h3 O-O $2 (22... Rg8 23. Bg4 $1 Bxg4 24. hxg4 Rxg4
25. Rd5 Qc7 26. f3 Rg8 (26... Qb6+ 27. c5 Rg5 28. f4 $1) 27. Rxa5 $14) 23. Qg3+
Kh8 24. Qh4 Qe7 25. Bg4 Rg8 26. Rd3 Rg5 27. Bxe6 Qxe6 28. Rbd1 Rcg8 29. Rd6 $1
Qc8 30. g3 Kg7 31. R1d5 h6 32. Rxe5 $1 $18 Rd8 33. Red5 Rxd6 34. Rxd6 Rg6 35.
Qf4 a4 36. bxa4 Qxc4 37. Rd8 Qc3 38. Kg2 Qb4 39. Ra8 h5 40. Qb8 Qxe4+ 41. Kh2
Rg5 42. Qh8+ Kg6 43. Rg8+ Kf5 44. Qh7+ {1-0 Khalifman,A-Polgar,J/Las Vegas (m/
1) 1999}) 19. Kh1 {/\f4-e5 Ribli: 'Weiss bereitet den Plan 20.f4 und 21.e5 vor.
'} (19. Nb3 Nxb3 20. axb3 a5 $11) 19... e5 $1 {'~~' Ribli.} 20. Nc2 (20. Nb3
Nxb3 21. axb3 a5 {'+/=' Ftacnik.} (21... Bc6 $14 {Ftacnik}) 22. Rbd1 (22. f4
Bc6) 22... Be6 23. h3 Rcd8 24. Bg4 $11) 20... Bc6 $2 {Ftacnik: 'Improper
modesty, but white had to react very forcefully to prove the move being
inexact. '} (20... Nxc4 $1 21. Bxc4 Qxc4 22. Qxc4 Rxc4 23. Ne3 {'~~' Ribli.}
Rxe4 24. Rxb7 Rd8 25. Rd1 (25. Ra7 Kf8 $1) 25... Ke8 26. Nd5 Rd4 $1 27. Rxd4
exd4 28. Nxf6+ Ke7 29. Nxd7 Rxd7 30. Rxd7+ $8 (30. Rb2 d3 31. Rd2 Ke6 32. g3
Ke5 33. Kg2 Kd4 $19) 30... Kxd7 31. Kg1 Kd6 32. Kf1 Kc5 33. Ke2 Kc4 (33... Kb4
34. Kd3 a5 35. Kxd4 a4 36. g4 Ka3 37. Kc3 Kxa2 38. g5 a3 39. Kc2 Ka1 40. h4 $18
) 34. Kd2 a5 (34... f5 35. h3 h5 36. g3 a5 (36... Kb4 $2 37. Kd3 $1 Ka3 38. f3
$1 Kxa2 39. g4 $18) 37. f3 a4 38. g4 fxg4 39. fxg4 hxg4 40. hxg4 Kd5 41. Kd3
Ke5 $11) 35. g4 $1 a4 (35... Kb4 36. Kd3 Ka3 37. Kxd4 Kxa2 38. Kc3 $8 a4 39. g5
$11) 36. g5 Kb4 37. Kd3 $1 (37. f4 $2 Ka3 38. h4 Kxa2 39. h5 a3 40. f5 Kb1 41.
g6 fxg6 42. fxg6 hxg6 43. hxg6 a2 44. g7 a1=Q 45. g8=Q Qc3+ 46. Kd1 Qc2+ 47.
Ke1 d3 48. Qb8+ Kc1 49. Qf4+ d2+ 50. Ke2 Qd1+ 51. Kd3 Qb3+ 52. Ke2 Qb5+ 53. Kf2
$19) 37... Ka3 38. Kxd4 Kxa2 39. Kc3 Kb1 40. Kb4 Kc2 41. Kxa4 Kd3 42. Kb4 Ke4 (
42... Ke2 43. Kc5 Kxf2 44. Kd6 Kg2 45. Ke7 $11) 43. Kc5 Kf4 44. Kd5 Kxg5 45.
Ke5 $11) 21. Bd3 (21. f3) (21. f3 $11 {Ribli Dieser Zug verteidigt auch den
e4-Bauern, aber die dritte Reihe wird geschlossen und Weiss kann nicht wie in
der Partie z.B. Qh3 ziehen.}) 21... Nxc4 {'[]' Ribli. Ribli: 'Schwarz muss so
spielen, sonst spielt Weiss 22.Ne3 mit Positionsvorteil und ohne schwarzes
Gegenspiel.'} (21... Rhd8 {Ftacnik} 22. Ne3 $13) 22. Ne3 $1 b5 23. Nf5+ {
'!' Ftacnik.} (23. Rfc1 {Ftacnik} Rhd8 24. Qc2 Kf8 25. Nxc4 bxc4 26. Bxc4 Bb5
$17) 23... Kf8 (23... Ke8 {Ftacnik} 24. Bxc4 bxc4 25. Rfd1 $14) 24. Bxc4 Bxe4 (
24... Qxc4 $2 25. Qd2 $18) 25. Qh3 {'!' Ftacnik.} Bxf5 (25... Rg8 26. Qh6+ Ke8
27. Qxh7 Kd7 28. Qxf7+ $18) (25... bxc4 {Ftacnik} 26. Qh6+ Ke8 27. Rbe1 Bxf5 (
27... Bxg2+ 28. Kxg2 Qc6+ 29. f3 Rg8+ 30. Kh1 $16) 28. Qxf6 $16) (25... Bxb1 {
Ftacnik} 26. Qh6+ Ke8 27. Rxb1 (27. Qxf6 $6 Bxf5 28. Qxf7+ Kd8 29. Rd1+ Qd4 30.
Rxd4+ exd4 31. Qf6+ Kc7 32. Qe5+ Kb6 33. Qxd4+ Ka5 34. Qc3+ Kb6 35. Qf6+ Ka5
36. Qxf5 Rxc4 37. g4 $14) 27... bxc4 28. Qxf6 Rg8 (28... Rf8 29. Rd1 $18) 29.
Rb7 $18) 26. Qxf5 {'+/-' Ribli.} bxc4 (26... Qxc4 $5 {Ftacnik} 27. Qxf6 Rg8 28.
Qxe5 Qc6 29. f3 $11) 27. f4 $2 {Ftacnik: 'Van Wely believes in help of the f
pawn or open f file, but the trivial 27.Qxf6! was more than sufficient for an
advantage.'} (27. Qxf6 $1 Rg8 (27... Kg8 {Ftacnik} 28. Rb7 Qf8 29. Qxe5 $16)
28. Rb7 Qd5 (28... Rg7 29. Rd1 $18) 29. Qe7+ $18 (29. Qe7+ Kg7 30. Rd7 $18))
27... e4 $6 (27... Rg8 28. fxe5 Qc6 29. Qf2 {/\Rb6} Qd5 30. exf6 $13) 28. Qxf6
Rg8 29. f5 {'=?' Ribli.} (29. Rb7 {Ribli}) 29... c3 {'?' Ribli.} (29... Qc6
$142) (29... Qc6 {Ribli} 30. Qxc6 (30. Qd4 e3 $17 31. Rb2 {[%csl Rg2]}) (30.
Qc3 e3 $17 {[%csl Rg2]}) 30... Rxc6 31. f6 (31. Rb8+ $6 Kg7 32. f6+ Kh8 $17)
31... Rc8 32. Rfc1 $11) 30. Qh6+ {'+/-' Ribli.} Ke7 31. f6+ {'?!' Ribli.} (31.
Rb7+ $1 Rc7 32. Rd1 $1 $18 {'!' Ribli.} (32. Rd1 $1 {Ribli} Rxb7 33. Qh4+ $18 {
[%csl Re7]})) 31... Kd7 32. Qxh7 Qc4 33. Qh3+ Kc6 {Ribli: 'Die Stellung ist
materiell gleich, aber der schwarze König steht unsicher.'} 34. Rfc1 c2 35. Rb2
Kd6 {'=' Ribli.} 36. Rb6+ Ke5 {'?!' Ribli. '?!' Ftacnik. Ribli: 'In Zeitnot
geht Schwarz mit dem König voran. Es wäre besser, die Züge zu wiederholen.'} (
36... Kc7 $1) (36... Kc7 $1 {Ribli} 37. Rb2 (37. Qb3 {Ftacnik} Qxb3 38. Rxb3
Kd6 39. Rb2 Ke5 40. Rbxc2 Rxc2 41. Rxc2 Kxf6 42. Rc6+ Ke5 $11) 37... Kd6 $11 {
'+/=' Ftacnik.}) 37. Qh5+ {[#]} Kd4 {'?' Ribli. '?' Ftacnik. Ftacnik: 'The
attack looks extremely dangerous, but having more time Rustemov would surely
prefer the better move 37...Kf4! with chances to survive.'} (37... Kf4 $1 38.
g3+ (38. Rd6 Rg5 $1 39. Qh4+ Rg4 $13) 38... Ke3 39. Qh6+ (39. Qf5 {Ftacnik} Qc5
40. Qf4+ Kd4 41. Rd6+ (41. Rb2 Rgd8 42. Qf2+ Ke5 43. Rcxc2 Rd1+ 44. Kg2 Qxf2+
45. Rxf2 Rc6 46. Rb7 Rxf6 47. Re7+ Re6 48. Rexf7 e3 $132) 41... Kc3 42. Rd2 Kb2
43. Rcxc2+ Qxc2 44. Rxc2+ Rxc2 $13) 39... Ke2 40. Qf4 Qd3 41. Qf1+ Ke3 42. Qe1+
Kd4 43. Rd6+ Kc4) 38. Rd6+ Kc3 39. Qe5+ Kb4 40. Rd4 (40. Qb2+ $1) 40... Ka3 41.
Rxc4 Rxc4 42. h4 {'+/-' Ribli. Ribli: 'Weiss hat Materialvorteil, aber der
schwarze c-Bauer ist so stark, dass Schwarz etwas Gegenspiel besitzt.'} Rgc8
43. Rxc2 Rxc2 44. Qxe4 a5 (44... R8c4 45. Qh7 $1 (45. Qe7+ $2 Kb2 46. Qxf7
Rxh4+ 47. Kg1 Rc1+ 48. Kf2 Rf4+ 49. Kg3 Rcf1 50. Qb3+ Ka1 $1 $11)) 45. Qd5 a4
46. Qxf7 R2c4 47. Qe7+ Kxa2 48. f7 a3 49. h5 (49. f8=Q Rxf8 50. Qxf8 Rxh4+ 51.
Kg1 Rc4) 49... Kb3 50. Qb7+ Kc2 51. Qa6 Rc3 $2 (51... Kb3 $142 52. Qb5+ Kc3 53.
Qb1) 52. h6 $1 Kb2 53. Qb5+ Kc2 54. Qa4+ Kb2 55. Qb4+ Kc2 56. f8=Q Rxf8 57.
Qxf8 a2 58. Qa8 Kb3 59. h7 Rc8 60. h8=Q 1-0

[Event "FRA-ch60 Championnat"]
[Site "Clermont Ferrand"]
[Date "1985.08.29"]
[Round "12"]
[White "Andruet, Gilles"]
[Black "Meinsohn, Francis"]
[Result "1-0"]
[WhiteElo "2395"]
[BlackElo "2305"]
[Annotator "Villeneuve,A/Primel,D"]
[PlyCount "69"]
[EventDate "1985.08.17"]
[EventType "swiss"]
[EventRounds "13"]
[EventCountry "FRA"]
[SourceTitle "EXT 2004"]
[Source "ChessBase"]
[SourceDate "2003.11.25"]
[SourceVersion "1"]
[SourceVersionDate "2003.11.25"]
[SourceQuality "1"]

1. d4 Nf6 {Je rectifie une petite erreur de saisie. Cette partie a été jouée
par Francis MEINSOHN et non pas par son frère.} 2. c4 e6 3. Nf3 d5 4. Nc3 Bb4 {
La défense Ragozin du nom de l'ancien partenaire d'entrainement de Botvinnik
mais en fait en fait cette variante pourrait aussi porter le nom Marshall
Ragozin car l'américain l'a utilisé régulièrement dès les années 20.} 5. Bg5 {
(1) La ligne principale faisant pression sur "d5" mais les blancs ont d'autres
bonnes alternatives.} (5. cxd5 exd5 6. Bg5) (5. e3) (5. Qa4+ Nc6 6. a3 Bxc3+ 7.
bxc3 Ne4 $1 (7... O-O $143 $6 8. Bg5 $1 $16) 8. Qc2 O-O) 5... dxc4 {(9)} (5...
Nbd7 {La ligne principale}) (5... O-O 6. e3 Nbd7 7. Bd3 c5 8. O-O Qa5 9. cxd5
exd5 10. Qc2 c4 11. Bf5 $14 {[%csl Gf5][%cal Gf5h3];Gruenfeld,E-Spielmann,R
Merano 1926 (4) 1/2}) 6. e4 {[%cal Ge4e5]} h6 $6 {trop passif} (6... c5 $142) (
6... b5 $6 {s'accrocher au P est un peu douteux} 7. a4 $1 (7. e5 h6 8. Bh4 g5
9. Nxg5 hxg5 10. Bxg5 Nbd7 11. Qf3 $14 Rb8 12. exf6 (12. Bxf6 $143 Nxf6 13.
Qxf6 Qxf6 14. exf6 Bb7 $11 {Hansen,A-Van Scheltinga,T Aalborg 1947 (1) 0-1}))
7... c6 8. e5 h6 9. exf6 $1 (9. Bh4 $6 g5 10. Nxg5 hxg5 11. Bxg5 Bxc3+ $1 12.
bxc3 Qa5 $1 $36) 9... hxg5 10. fxg7 Rg8 11. h4 $1 {Ehlvest,J (2300)-Tyomkin,D
Bukhara U20 1981 1-0} (11. g3 g4 12. Nh4 $13)) 7. Bxf6 Bxc3+ (7... Qxf6 8. Bxc4
c5 $1 9. O-O Bxc3 10. bxc3 O-O 11. e5 Qe7 12. Qe2 {Alekhine,A-Woher,H
Amsterdam sim 1925 0-1}) 8. bxc3 Qxf6 9. Bxc4 $14 O-O $146 ({RR} 9... Nd7 $142
10. e5 Qe7 11. O-O a6 12. Qe2 b5 13. Bd3 Nb6 14. Be4 Rb8 15. Nd2 Bb7 16. f4 g6
17. Bxb7 Rxb7 18. g4 h5 19. f5 Rg8 20. Qg2 Rb8 21. Ne4 Nd5 22. Nf6+ Nxf6 23.
exf6 Qd8 24. fxe6 {Gawlikowski,S-Kwilecki,A/Lodz 1954/EXT 99/1-0}) (9... c5 10.
Bb5+) 10. Qe2 $1 {(26)} b6 $6 {(21)} (10... c5 $142) 11. e5 Qe7 (11... Qg6 12.
Bd3 Qxg2 13. Rg1 $40) 12. Qe4 {[%cal Gc4d3,Ge4h7,Ge4a8]} c6 (12... Ba6 $1 13.
Qxa8 Bxc4 14. Qxa7 Na6 $44 15. a4) 13. Bd3 {(30)} g6 {(30)} 14. h4 $40 {
(57) joué après une longue réflexion} (14. Qf4) 14... Bb7 15. Qe3 {(58)} (15.
h5 c5 16. Qg4 (16. Qe3 g5) 16... g5) 15... Kg7 {(34)} 16. h5 g5 17. Rh3 $5 Rh8
$5 (17... c5 18. Rg3 {[%cal Gf3g5]} Nd7 19. Nxg5 $1 hxg5 20. Rxg5+ Kh8 21. Rg3
{[%cal Ge3h6]} f5 22. Qh6+ Qh7 23. Qxe6 $36) 18. Nd2 $1 {[%cal Gd2e4,Ge4d6,
Ge4f6,Ge4g5,Rf2f4]} (18. Rg3 c5 19. Nxg5 (19. Kf1 Nd7 20. Nd2 cxd4 21. cxd4
Rac8 22. f4 $36) 19... hxg5 20. Rxg5+ Kf8) 18... Nd7 19. f4 $40 Rag8 20. Ne4 {
(1h29)} (20. Nc4 {[%cal Gc4d6,Gd6b7]}) 20... c5 {(52) la réaction au centre
est trop tardive et le K noir est trés exposé} 21. fxg5 hxg5 22. Nxg5 (22. Nd6
Bxg2 23. Rg3 Bd5 24. Rxg5+ Kf8 25. Rxg8+ Rxg8 26. O-O-O Qg5 $1 $13 {[%cal
Gg5c1]}) 22... cxd4 23. cxd4 Kf8 24. Rg3 (24. Ne4 Qb4+) 24... Qb4+ $6 {Comme
d'habitude, MEINSHONN joue trés vite et il avait prés de 45 mns d'avance sur
son adversaire et il n'a pas passé que 3 mns sur cette position crittique} (
24... Rxh5 {[%csl Rg5]}) 25. Kf1 {(2h)} Rxh5 {(1h15)} 26. Rb1 {(2h05)} Qc3 $2
27. Nh7+ $1 {[%cal Gg3g8]} Ke7 28. Rxg8 $18 Ba6 29. Rd1 Nxe5 30. dxe5 Qxe5 31.
Qd2 Qf5+ 32. Ke2 Qe5+ 33. Kf3 Qf5+ 34. Kg3 Qe5+ 35. Qf4 1-0